000 00814cam a2200265 a 4500
001 000018350
005 20200929165452.0
008 780509s1967 sp 000 f spa d
035 _a(DLC) 73308484
040 _aDO-SdBNP
_cICU
_dICU
_dDLC
_dBNPHU
082 _aC863.44
_bC112b, 1967
100 1 _aCaballero Calderón, Eduardo,
_d1910-1993
_93748
245 1 3 _aEl buen salvaje /
_cEduardo Caballero Calderón.
250 _a7a ed.
260 _aBarcelona :
_bDestino,
_c1967.
300 _a289 p. ;
_c19 cm.
490 1 _aÁncora y delfín
_v273
586 _aPremio Eugenio Nadal, 1965
650 4 _aNovela colombiana
_91243
650 4 _aLiteratura colombiana
_ySIGLO XX
_914409
830 0 _aÁncora y delfín ;
_v273
_94704
910 _aCatalogación por derivada / LC
910 _aWM
049 _aBNGR
999 _c17871
_d17871